Mixed Word: Music Genres Quiz Stats

 Plays Quiz Updated Apr 5, 2013

Support Sporcle.
Go Orange.
Score 0/20 Timer 04:00
0 Plays Today
Mixed Word Genre % Correct
ZJZAJazz
98.5%
KUFNFunk
97.3%
ASKSka
94.4%
NIWGSSwing
94.3%
ENW VAEWNew Wave
92.7%
OCRK NDA LORLRock and Roll
92.2%
ICSDODisco
91.2%
OSLUSoul
89%
YEHVA TEALMHeavy Metal
86%
MYTHRH DAN SUBELRhythm and Blues
84.5%
Mixed Word Genre % Correct
EUSHOHouse
81.7%
STAGNAG PRAGangsta Rap
78.7%
TURNCOYCountry
67.4%
ASCICALLSClassical
60.6%
GARGEEReggae
60.5%
LEGSPOGospel
53.1%
NOTCHETechno
34.7%
SABERSLUGBluegrass
19.7%
VITALARTEENAlternative
15.7%
GIVESROPERSProgressive
12.4%

From the Vault

Fictional Chefs

by zalkon2004

A quiz about chefs? Now we're cooking!
Remove Ads.
Support Sporcle.
Get the best of Sporcle when you Go Orange. This ad-free experience offers more features, more stats, and more fun while also helping to support Sporcle. Thank you for becoming a member.

Show Comments

Extras

Top Quizzes Today


Score Distribution

Your Account Isn't Verified!

In order to create a playlist on Sporcle, you need to verify the email address you used during registration. Go to your Sporcle Settings to finish the process.

Report this User

Report this user for behavior that violates our Community Guidelines.

Details: